00828nam a2200229 4500003001100000005001700011008004100028020001500069040003900084041000800123082001500131245008700146260005100233300001900284650003000303650004800333700002600381856008000407942000700487952008900494999001500583LK-CoMWRAF20231206094237.0230924b2005 |||||||| |||| 00| 0 eng d a9068328492 aLK-CoMWRAFdLK-CoMWRAFeLK-CoMWRAF aeng a330.9bWHY aWhy did the chicken cross the road?:b and other stories on development evaluation aAmsterdam: bRoyal Tropical Institute, c2005. a87 p. ; 24 cm. aINTERNATIONAL COOPERATION aDeveloping countries -- Economic conditions aCummings, Sarah eed. uhttps://library.concordeurope.org/record/1878/files/DEEEP-BOOK-2017-007.pdf cBK 00104070aMAINbMAINd2023-09-24l0o330.9 WHYpRAF787r2023-09-24w2023-09-24yBK c3639d3639